00485nam a2200193 a 4500001001300000003000900013005001700022008004100039020001000080082001400090100001800104245002200122260004800144300000800192500003500200505001400235650002400249700001800273nice12345678IN_TiNIC20260116011425.0050524s1928 laha grs 000 0 49g  ac10000a201bWAR1 aWarisuddin, P aShaheed-E-Khidmat aLahorebPunjab Religious Booksociety c1928 a48p aincludes index and biblioraphy2 areference aChristian-Biography1 aWarisuddin, P